<?xml version="1.0" encoding="UTF-8"?>
<record
    xmlns:xsi="http://www.w3.org/2001/XMLSchema-instance"
    xsi:schemaLocation="http://www.loc.gov/MARC21/slim http://www.loc.gov/standards/marcxml/schema/MARC21slim.xsd"
    xmlns="http://www.loc.gov/MARC21/slim">

  <leader>01039nab a2200193 i 4500</leader>
  <controlfield tag="001">768714001</controlfield>
  <controlfield tag="003">CO-MdFUSB</controlfield>
  <controlfield tag="005">20240430084726.0</controlfield>
  <controlfield tag="008">240429b        sp ||||| |||| 00| 0 spa d</controlfield>
  <datafield tag="040" ind1=" " ind2=" ">
    <subfield code="b">spa</subfield>
    <subfield code="c">CO-MdFUSB</subfield>
    <subfield code="d">CO-MdFUSB</subfield>
  </datafield>
  <datafield tag="041" ind1=" " ind2=" ">
    <subfield code="a">spa</subfield>
  </datafield>
  <datafield tag="100" ind1=" " ind2=" ">
    <subfield code="a">Wilfred, Felix,</subfield>
    <subfield code="e">autor</subfield>
  </datafield>
  <datafield tag="245" ind1=" " ind2=" ">
    <subfield code="a">Elogio del relativismo cristiano</subfield>
    <subfield code="c">/ Felix Wilfred</subfield>
  </datafield>
  <datafield tag="520" ind1=" " ind2=" ">
    <subfield code="a">Este art&#xED;culo es una reflexi&#xF3;n sobre un intento de ver c&#xF3;mo la fe cristiana misma est&#xE1; arraigada en un nivel m&#xE1;s profundo de realidad impulsado por un esp&#xED;ritu relativista.  Entonces se puede hablar honestamente sobre el relativismo cristiano.  Asi mismo, el autor pretende explorar el tema del relativismo desde una perspectiva m&#xE1;s integral que el mero di&#xE1;logo interreligioso, que ha sido en gran medida ignorado.</subfield>
  </datafield>
  <datafield tag="650" ind1=" " ind2="7">
    <subfield code="a">Fe</subfield>
    <subfield code="9">531</subfield>
  </datafield>
  <datafield tag="653" ind1=" " ind2=" ">
    <subfield code="a">Relativismo cristiano</subfield>
  </datafield>
  <datafield tag="773" ind1="0" ind2=" ">
    <subfield code="0">49450</subfield>
    <subfield code="9">60405</subfield>
    <subfield code="o">R0341</subfield>
    <subfield code="t">Revista internacional de teolog&#xED;a Concilium</subfield>
    <subfield code="w">(CO-MdFUSB)8</subfield>
    <subfield code="x">0210-1041</subfield>
    <subfield code="g">N&#xFA;mero 314, (febrero, 2006), p&#xE1;ginas: 99 - 108</subfield>
    <subfield code="q">p&#xE1;gina: 99</subfield>
  </datafield>
  <datafield tag="942" ind1=" " ind2=" ">
    <subfield code="c">ANA</subfield>
  </datafield>
  <datafield tag="999" ind1=" " ind2=" ">
    <subfield code="c">69433</subfield>
    <subfield code="d">69433</subfield>
  </datafield>
</record>
